000 00403 a2200169 4500
001 194987
020 _a978-85-8171-196-6
040 _cMagnum
100 _aMENDES, Margarida Viana
240 1 0 _aLêdo, o livrinho que queria ser lido
_lpor
245 1 0 _aLêdo, o livrinho que queria ser lido
300 _a28
362 0 _a2018
440 1 _aSEDUC
697 _aLITERATURA INFANTIL
942 _cBK
999 _c194987
_d194987